000 00646nam a2200229Ia 4500
003 OSt
005 20220925172105.0
006 a|||||r|||| 00| 0
007 ta
008 220923b |||||||| |||| 00| 0 eng d
037 _cGeneral Book
040 _aRTL
_cRTL
_beng
041 _2eng
_aeng
082 _aX5.2,n.N80, M1
110 _aBOMBAY CHAMBER OF COMMERCE AND INDUSTRY
_9240608
245 0 _aAnnual report,1980.
260 _aBombay
_bBCCI
_c1981
300 _axvi,614p.
_ccm.
700 _aBOMBAY CHAMBER OF COMMERCE AND INDUSTRY
_9240609
942 _hX5.2,n.N80, M1
_cGB
_2CC
999 _c484234
_d484234